| 000 -Etiqueta do registo | |
|---|---|
| campo de controlo de comprimento fixo | 00624 a2200217 4500 |
| 001 - Identificador do registo | |
| Campo de controlo | 73900 |
| 005 - Identificador da versão | |
| Campo de controlo | 20260327141214.0 |
| 010 ## - ISBN | |
| Número (ISBN) | 978-972-20-8483-3 |
| 100 ## - Dados Gerais de Proc. | |
| Dados gerais de processamento | 20260319d2025 m||u0pory50 |
| 101 ## - Língua da publicação | |
| Língua do texto, banda sonora, etc. | Português |
| Língua do documento no original | Inglês |
| 102 ## - País de Publicação | |
| País de publicação | Portugal |
| 200 ## - Título | |
| Título próprio | Inventário de sonhos |
| Primeira menção de responsabilidade | Chimamanda Ngozi Adichie |
| Outras menções de responsabilidade | trad. Elsa T. S. Vieira |
| 210 ## - Publicação, Distribuição | |
| Lugar da edição, distribuição, etc. | Alfragide |
| Nome do editor, distribuidor, etc. | Dom Quixote |
| Data da publicação, distribuição, etc. | 2025 |
| 215 ## - Descrição física | |
| Descrição física | 590 p. |
| 304 ## - Título e responsabilidade | |
| Texto da nota | Tít. orig.: Dream count |
| 675 ## - CDU | |
| Notação | 821.111(669)-31"20" |
| Edição | BN |
| Língua da edição | Português |
| 700 ## - Responsabilidade principal | |
| Palavra de ordem | Adichie |
| Outra parte do nome | Chimamanda Ngozi |
| Datas | 1977- |
| Koha Internal Code | 48670 |
| 702 ## - Responsabilidade secundária | |
| Palavra de ordem | Vieira |
| Outra parte do nome | Elsa T. S. |
| Código de função | Tradutor |
| Koha Internal Code | 46994 |
| 801 ## - Fonte de origem | |
| País | Portugal |
| Agência | BN |
| Regras de catalogação | RPC |
| 090 ## - Números de controlo do sistema (Koha) | |
| Número biblioitem do Koha (gerado automaticamente) | 73900 |
| 942 ## - Elementos de entrada adicionados (Koha) | |
| Tipo de item no Koha | Monografias |
| Suprimido | Disponível no OPAC |
| Removido (estado) | Perdido (estado) | Data de aquisição | Origem do registo (biblioteca) (codificado) | Código da organização que empresta ou é detentora (biblioteca) | Código de barras | Local | Número de inventário | Cota | Tipo de circulação (não pode ser emprestado) | Preço | Tipo de item e material |
|---|---|---|---|---|---|---|---|---|---|---|---|
| Disponível | Disponível | 2026-03-19 | Biblioteca Municipal Álvaro de Campos | Biblioteca Municipal Álvaro de Campos | BMTAV73083 | Sala de Adultos | 73083 | R7 ADI | Normal | 24.90 | Monografias |